MARC
| LEADER | 00000 a2200000 04500 | ||
|---|---|---|---|
| 001 | 44659 | ||
| 003 | |||
| 008 | 991231s d | ||
| 040 | |||
| 020 | |a 88-263-0783-0 | ||
| 022 | |a 88-263-0783-0 | ||
| 090 | |a 0003 C577s | ||
| 100 | |a Cipriani, Roberto | ||
| 245 | |a Sud e reliogione dal magico al politico / |c Roberto Cipriani; María Mansi | ||
| 260 | |a Italia: |b Borla | ||
| 300 | |a 192 páginas | ||
| 500 | |a Colección Rosa María Pochet Coronado | ||
| 650 | |a RELIGON | ||
| 650 | |a PRACTICA RELIGIOSA | ||
| 650 | |a CATOLICISMO | ||
| 650 | |a PRACTICAS TRADICIONALES | ||
| 711 | |a Mansi, María | ||
| 999 | |c 8642 |d 8642 | ||



